[Event "Quebec-ch U20"]
[Site "Montreal"]
[Date "2013.02.09"]
[Round "3"]
[White "Kleinman, Michael"]
[Black "Cote Lalumiere, Tristan"]
[Result "0-1"]
[WhiteElo "2301"]
[BlackElo "1859"]
[PlyCount "92"]
[EventDate "2013.02.08"]
[EventType "swiss"]
[EventRounds "5"]
[EventCountry "CAN"]
[SourceTitle "EXT 2022"]
[Source "ChessBase"]
[SourceDate "2021.10.06"]
[SourceVersion "1"]
[SourceVersionDate "2021.10.06"]
[SourceQuality "1"]

1. e4 c5 2. Nf3 d6 3. d4 cxd4 4. Nxd4 Nf6 5. Nc3 g6 6. Be3 Bg7 7. f3 0-0 8. Qd2 Nc6 9. Bc4 Bd7 10. Bb3 Rc8 11. 0-0-0 Ne5 12. Kb1 Nc4 13. Bxc4 Rxc4 14. g4 b5 15. b3 Rc7 16. Ncxb5 Rb7 17. c4 Qb8 18. Qd3 Rc8 19. Bc1 a6 20. Na3 a5 21. Bb2 a4 22. Ndb5 axb3 23. axb3 Rb6 24. Bc3 Qa8 25. g5 Nh5 26. Bxg7 Nxg7 27. Kb2 Ne6 28. Ra1 Qb7 29. h4 Rb8 30. h5 Nc7 31. hxg6 fxg6 32. f4 Nxb5 33. cxb5 Bxb5 34. Qh3 Bc4 35. Qxh7+ Kf8 36. Qh6+ Ke8 37. Qxg6+ Kd7 38. Nxc4 Rxb3+ 39. Kc2 Rb2+ 40. Kc1 Rb1+ 41. Kd2 Qb4+ 42. Ke2 Qxc4+ 43. Kf3 Qd3+ 44. Kg4 Qe2+ 45. Kf5 R8b5+ 46. e5 Qd3+ 0-1

[Event "Quebec-ch U18"]
[Site "Montreal"]
[Date "2012.11.25"]
[Round "4"]
[White "Nikulich, Oleksandr"]
[Black "Cote Lalumiere, Tristan"]
[Result "1-0"]
[WhiteElo "1846"]
[BlackElo "1862"]
[PlyCount "55"]
[EventDate "2012.11.23"]
[EventType "tourn"]
[EventRounds "4"]
[EventCountry "CAN"]
[SourceTitle "EXT 2022"]
[Source "ChessBase"]
[SourceDate "2021.10.06"]
[SourceVersion "1"]
[SourceVersionDate "2021.10.06"]
[SourceQuality "1"]

1. Nf3 Nf6 2. c4 b5 3. b3 g6 4. Bb2 Bg7 5. e3 bxc4 6. Bxc4 d5 7. Be2 0-0 8. Nc3 Ba6 9. Na4 Ne4 10. Bxg7 Kxg7 11. Rc1 Qd6 12. 0-0 Nd7 13. Bxa6 Qxa6 14. Rxc7 Qd6 15. Rc2 h5 16. d4 Rh8 17. Nc5 Ndf6 18. Nxe4 dxe4 19. Nd2 Ng4 20. g3 Qe6 21. Re1 h4 22. Nf1 Rh6 23. h3 Nxf2 24. Rxf2 hxg3 25. Nxg3 Rxh3 26. Rg2 Rah8 27. Rf1 Qd6 28. Nf5+ 1-0

[Event "Montreal Elite POM"]
[Site "Montreal"]
[Date "2012.10.08"]
[Round "6.13"]
[White "Zhou, Qiyu"]
[Black "Cote Lalumiere, Tristan"]
[Result "1/2-1/2"]
[WhiteElo "1921"]
[BlackElo "1840"]
[PlyCount "70"]
[EventDate "2012.10.05"]
[EventType "swiss"]
[EventRounds "7"]
[EventCountry "CAN"]
[SourceTitle "EXT 2022"]
[Source "ChessBase"]
[SourceDate "2021.10.06"]
[SourceVersion "1"]
[SourceVersionDate "2021.10.06"]
[SourceQuality "1"]

1. e4 c5 2. Nc3 d6 3. f4 Nc6 4. Bb5 g6 5. Bxc6+ bxc6 6. Nf3 Bg7 7. 0-0 e6 8. d3 Rb8 9. Qe1 Ne7 10. Rb1 0-0 11. Bd2 Ba6 12. Qh4 c4 13. d4 d5 14. e5 Nf5 15. Qf2 c5 16. g4 Nxd4 17. Nxd4 cxd4 18. Qxd4 Qb6 19. Be3 Qxd4 20. Bxd4 Rb7 21. Rf2 Rfb8 22. Na4 Bf8 23. b3 cxb3 24. axb3 Rb4 25. Rd1 Bb5 26. Nc3 Rxd4 27. Rxd4 Bc5 28. Nxb5 Rxb5 29. Rdd2 Kf8 30. Kg2 Bxf2 31. Kxf2 Rb4 32. Kf3 a5 33. Rd1 a4 34. bxa4 Rxa4 35. Rb1 Rc4 1/2-1/2

[Event "Montreal Elite POM"]
[Site "Montreal"]
[Date "2012.10.06"]
[Round "3.14"]
[White "Gueorguiev, Valentin"]
[Black "Cote Lalumiere, Tristan"]
[Result "1/2-1/2"]
[WhiteElo "1996"]
[BlackElo "1840"]
[PlyCount "66"]
[EventDate "2012.10.05"]
[EventType "swiss"]
[EventRounds "7"]
[EventCountry "CAN"]
[SourceTitle "EXT 2022"]
[Source "ChessBase"]
[SourceDate "2021.10.06"]
[SourceVersion "1"]
[SourceVersionDate "2021.10.06"]
[SourceQuality "1"]

1. Nf3 Nf6 2. g3 g6 3. c4 c5 4. Bg2 Bg7 5. 0-0 0-0 6. d4 cxd4 7. Qxd4 Nc6 8. Qf4 d6 9. Nc3 Be6 10. Ng5 Qd7 11. Nxe6 Qxe6 12. Bd5 Qh3 13. Bf3 e5 14. Qd2 Nd4 15. Bg2 Qh5 16. Qg5 Nxe2+ 17. Nxe2 Qxe2 18. Bxb7 Rab8 19. Ba6 Rb6 20. Bb5 a6 21. Qe3 Qxe3 22. Bxe3 Rbb8 23. Bxa6 Rxb2 24. a4 Ng4 25. Bc1 Rc2 26. h3 e4 27. Ra3 Nxf2 28. Rxf2 Rxc1+ 29. Kg2 Rb8 30. Bb5 Bd4 31. Re2 Rg1+ 32. Kh2 Rf1 33. Rxe4 Rf2+ 1/2-1/2

[Event "Quebec op U2000"]
[Site "Montreal"]
[Date "2012.07.24"]
[Round "5"]
[White "Perna Fraser, David"]
[Black "Cote Lalumiere, Tristan"]
[Result "1/2-1/2"]
[WhiteElo "1701"]
[BlackElo "1866"]
[PlyCount "52"]
[EventDate "2012.07.21"]
[EventType "swiss"]
[EventRounds "9"]
[EventCountry "CAN"]
[SourceTitle "EXT 2022"]
[Source "ChessBase"]
[SourceDate "2021.10.06"]
[SourceVersion "1"]
[SourceVersionDate "2021.10.06"]
[SourceQuality "1"]

1. d4 Nf6 2. c4 c5 3. d5 b5 4. cxb5 a6 5. bxa6 Bxa6 6. Nc3 d6 7. Nf3 g6 8. Nd2 Bg7 9. e4 Bxf1 10. Nxf1 0-0 11. Ne3 Qa5 12. 0-0 Nfd7 13. Qc2 Na6 14. Nc4 Nb4 15. Qe2 Qa6 16. Bf4 Bxc3 17. bxc3 Nxa2 18. Qd3 Nb6 19. Rxa2 Qxa2 20. Nxb6 Ra6 21. Nc4 Rb8 22. Ne3 Rb2 23. Qc4 Qxc4 24. Nxc4 Rc2 25. e5 dxe5 26. Nxe5 Rxc3 1/2-1/2

[Event "Quebec op U2000"]
[Site "Montreal"]
[Date "2012.07.22"]
[Round "3"]
[White "Yip, William"]
[Black "Cote Lalumiere, Tristan"]
[Result "0-1"]
[WhiteElo "1561"]
[BlackElo "1866"]
[PlyCount "94"]
[EventDate "2012.07.21"]
[EventType "swiss"]
[EventRounds "9"]
[EventCountry "CAN"]
[SourceTitle "EXT 2022"]
[Source "ChessBase"]
[SourceDate "2021.10.06"]
[SourceVersion "1"]
[SourceVersionDate "2021.10.06"]
[SourceQuality "1"]

1. d4 Nf6 2. c4 c5 3. e3 cxd4 4. exd4 g6 5. Nc3 Bg7 6. Nf3 0-0 7. Bf4 d6 8. Be2 a6 9. 0-0 b6 10. Qc2 Nh5 11. Be3 Nc6 12. a3 Bf5 13. Qd2 Nf6 14. Bh6 Na5 15. Bxg7 Kxg7 16. Qd1 Rc8 17. Nd2 d5 18. cxd5 Nxd5 19. Nde4 b5 20. Bg4 Bxg4 21. Qxg4 f5 22. Qg3 fxe4 23. Qe5+ Nf6 24. Nxe4 Nc4 25. Ng5 Nxe5 26. Ne6+ Kg8 27. Nxd8 Rfxd8 28. dxe5 Ng4 29. Rfe1 Rd2 30. f3 Nf2 31. Rac1 Rxc1 32. Rxc1 Rd1+ 33. Rxd1 Nxd1 34. b3 Kf7 35. Kf1 Ne3+ 36. Kf2 Nc2 37. Ke2 Nd4+ 38. Kd3 Nxb3 39. Kc3 Na5 40. Kb4 Nc6+ 41. Kc5 Nxe5 42. Kb6 Nc4+ 43. Kxa6 Nxa3 44. Ka5 Kf6 45. Kb4 Nc2+ 46. Kxb5 Ne1 47. Kc4 Nxg2 0-1

[Event "Quebec-ch A U20 Pepsico"]
[Site "Montreal"]
[Date "2012.02.12"]
[Round "4"]
[White "Sprumont, Oscar"]
[Black "Cote Lalumiere, Tristan"]
[Result "1-0"]
[WhiteElo "1798"]
[BlackElo "1956"]
[PlyCount "95"]
[EventDate "2012.02.10"]
[EventType "swiss"]
[EventRounds "5"]
[EventCountry "CAN"]
[SourceTitle "EXT 2022"]
[Source "ChessBase"]
[SourceDate "2021.10.06"]
[SourceVersion "1"]
[SourceVersionDate "2021.10.06"]
[SourceQuality "1"]

1. e4 e6 2. d4 c5 3. d5 exd5 4. exd5 d6 5. Nf3 g6 6. Be2 Bg7 7. 0-0 Ne7 8. Na3 a6 9. Nc4 b5 10. Ne3 0-0 11. c3 Bb7 12. a4 c4 13. axb5 axb5 14. Rxa8 Bxa8 15. Nd4 Qb6 16. Ndc2 Bb7 17. Nb4 Na6 18. Nec2 Nc5 19. Re1 Ne4 20. Be3 Qa5 21. Bd4 Qa8 22. Bxg7 Kxg7 23. Qd4+ Nf6 24. g4 h6 25. f4 g5 26. fxg5 hxg5 27. h4 Rh8 28. Rf1 Nexd5 29. Nxd5 Bxd5 30. Qxf6+ Kg8 31. Nd4 gxh4 32. Nf5 Rh7 33. Ne7+ Kf8 34. Nxd5 Qxd5 35. Qf5 Qe5 36. Qxe5 dxe5 37. Rf5 Rh6 38. Rxe5 Rb6 39. b3 cxb3 40. Rxb5 Re6 41. Kf2 Re4 42. Rxb3 f5 43. Rb4 Re5 44. Rf4 Ke7 45. Rxf5 Re6 46. Rh5 Rf6+ 47. Ke1 Rc6 48. c4 1-0

[Event "Quebec-ch A U20 Pepsico"]
[Site "Montreal"]
[Date "2012.02.11"]
[Round "2"]
[White "Kovalyov, Anton"]
[Black "Cote Lalumiere, Tristan"]
[Result "1-0"]
[WhiteElo "2595"]
[BlackElo "1958"]
[PlyCount "93"]
[EventDate "2012.02.10"]
[EventType "swiss"]
[EventRounds "5"]
[EventCountry "CAN"]
[SourceTitle "EXT 2022"]
[Source "ChessBase"]
[SourceDate "2021.10.06"]
[SourceVersion "1"]
[SourceVersionDate "2021.10.06"]
[SourceQuality "1"]

1. c4 b5 2. cxb5 a6 3. bxa6 Bxa6 4. Nf3 g6 5. g3 c5 6. Bg2 d5 7. Nc3 e6 8. d4 cxd4 9. Qxd4 Nf6 10. Bg5 Bg7 11. Ne5 h6 12. Qa4+ Nbd7 13. Nxd7 Qxd7 14. Be3 0-0 15. Bd4 Qc7 16. f4 Bxe2 17. Be5 Qb6 18. Qd4 Qxd4 19. Bxd4 Ba6 20. 0-0-0 Rfc8 21. Kb1 Rab8 22. Be5 Rb7 23. Bf3 h5 24. h3 Ng4 25. Bxg7 Kxg7 26. Nxd5 Nf2 27. Nc3 Nxd1 28. Rxd1 Rb4 29. Ne4 Be2 30. Bxe2 Rxe4 31. Ba6 Rb8 32. h4 Rb6 33. Bd3 Re3 34. a4 Rd6 35. Kc2 Rxg3 36. a5 Rg4 37. b4 Rxf4 38. b5 Rxh4 39. Be2 Rxd1 40. Kxd1 Kf6 41. a6 Ra4 42. b6 Ra1+ 43. Kd2 Ra2+ 44. Ke3 Ke7 45. b7 Rb2 46. Bf3 Kd7 47. a7 1-0

[Event "Quebec-ch U16"]
[Site "Montreal"]
[Date "2011.11.27"]
[Round "5"]
[White "Cote Lalumiere, Tristan"]
[Black "Isaev, Nikolay"]
[Result "1-0"]
[WhiteElo "1868"]
[BlackElo "1651"]
[PlyCount "109"]
[EventDate "2011.11.25"]
[EventType "swiss"]
[EventRounds "5"]
[EventCountry "CAN"]
[SourceTitle "EXT 2022"]
[Source "ChessBase"]
[SourceDate "2021.10.06"]
[SourceVersion "1"]
[SourceVersionDate "2021.10.06"]
[SourceQuality "1"]

1. e4 c5 2. Nf3 d6 3. Nc3 Nf6 4. d4 cxd4 5. Nxd4 g6 6. Be3 Bg7 7. f3 0-0 8. Bc4 Nc6 9. Qd2 Bd7 10. 0-0-0 Rc8 11. Bb3 Ne5 12. h4 h5 13. Bg5 Rc5 14. g4 hxg4 15. h5 gxh5 16. Nd5 Nxd5 17. Bxd5 Qb6 18. Bb3 Nc4 19. Bxc4 Rxc4 20. Be3 Rfc8 21. Kb1 Rxc2 22. Qxc2 Rxc2 23. Kxc2 Qa5 24. Kb1 gxf3 25. Nxf3 Bg4 26. Rd5 Qb4 27. Nd4 e6 28. Rg5 Kf8 29. Rb5 Qc4 30. Rxb7 Qd3+ 31. Nc2 Qxe4 32. Rb8+ Ke7 33. Rc1 Bf5 34. Ka1 Qg2 35. Nd4 Bxd4 36. Bxd4 e5 37. Bxa7 h4 38. Rg1 Qc2 39. Be3 h3 40. Rh8 Qh2 41. Rc1 Qe2 42. Bg1 e4 43. Rc7+ Bd7 44. Rc1 d5 45. Bc5+ Kf6 46. Bd4+ Ke7 47. Bc5+ Kf6 48. Bd4+ Kg6 49. Rg1+ Bg4 50. Rxh3 f5 51. Rh8 Kf7 52. Rgh1 Kg6 53. Rg8+ Kf7 54. Rg7+ Ke6 55. Rh6# 1-0

[Event "Quebec-ch U16"]
[Site "Montreal"]
[Date "2011.11.27"]
[Round "4"]
[White "Luo, Zhao Yang"]
[Black "Cote Lalumiere, Tristan"]
[Result "1/2-1/2"]
[WhiteElo "1971"]
[BlackElo "1868"]
[PlyCount "53"]
[EventDate "2011.11.25"]
[EventType "swiss"]
[EventRounds "5"]
[EventCountry "CAN"]
[SourceTitle "EXT 2022"]
[Source "ChessBase"]
[SourceDate "2021.10.06"]
[SourceVersion "1"]
[SourceVersionDate "2021.10.06"]
[SourceQuality "1"]

1. d4 Nf6 2. Nf3 c5 3. e3 cxd4 4. exd4 g6 5. Bd3 Bg7 6. 0-0 0-0 7. Re1 a6 8. b3 b5 9. Nbd2 Bb7 10. c4 bxc4 11. bxc4 d5 12. Rb1 Qc7 13. Qb3 dxc4 14. Bxc4 Bxf3 15. Nxf3 Nc6 16. Qb6 Qd7 17. Qc5 e6 18. Rb6 Rfc8 19. Bxa6 Rc7 20. Bb5 Nxd4 21. Qxd4 Qxd4 22. Nxd4 Nd5 23. Rc6 Bxd4 24. Rd1 Rxc6 25. Bxc6 Rxa2 26. Rxd4 Rc2 27. Bh6 1/2-1/2

[Event "Quebec-ch U16"]
[Site "Montreal"]
[Date "2011.11.25"]
[Round "1"]
[White "Bershtein, Anry Samuel"]
[Black "Cote Lalumiere, Tristan"]
[Result "0-1"]
[WhiteElo "1192"]
[BlackElo "1868"]
[PlyCount "56"]
[EventDate "2011.11.25"]
[EventType "swiss"]
[EventRounds "5"]
[EventCountry "CAN"]
[SourceTitle "EXT 2022"]
[Source "ChessBase"]
[SourceDate "2021.10.06"]
[SourceVersion "1"]
[SourceVersionDate "2021.10.06"]
[SourceQuality "1"]

1. e4 c5 2. Nf3 d6 3. d4 cxd4 4. c3 d3 5. Bxd3 Nf6 6. Nbd2 g6 7. 0-0 Bg7 8. Nc4 0-0 9. e5 dxe5 10. Nfxe5 Qc7 11. f3 b5 12. Qe2 bxc4 13. Nxc4 Ba6 14. b3 Nd5 15. Bb2 Nxc3 16. Bxc3 Bxc3 17. Rac1 Bd4+ 18. Ne3 Qb6 19. Kf2 Bxe3+ 20. Qxe3 Bxd3 21. Rfd1 Bf5 22. Qxb6 axb6 23. g4 Rxa2+ 24. Ke1 Be6 25. Rd3 Na6 26. Rc6 Nc5 27. Rxb6 Nxd3+ 28. Kf1 Rc8 0-1

[Event "Montmagny op"]
[Site "Montmagny"]
[Date "2011.11.12"]
[Round "2"]
[White "Kraiouchkine, Nikita"]
[Black "Cote Lalumiere, Tristan"]
[Result "1-0"]
[WhiteElo "2283"]
[BlackElo "1900"]
[PlyCount "65"]
[EventDate "2011.11.11"]
[EventType "swiss"]
[EventRounds "5"]
[EventCountry "CAN"]
[SourceTitle "EXT 2022"]
[Source "ChessBase"]
[SourceDate "2021.10.06"]
[SourceVersion "1"]
[SourceVersionDate "2021.10.06"]
[SourceQuality "1"]

1. e4 c5 2. Nf3 d6 3. d4 cxd4 4. Nxd4 Nf6 5. Nc3 g6 6. Be3 Bg7 7. f3 Nc6 8. Qd2 0-0 9. Bc4 Bd7 10. Bb3 Rc8 11. 0-0-0 Ne5 12. Bh6 Nc4 13. Bxc4 Rxc4 14. Bxg7 Kxg7 15. h4 h5 16. g4 Rh8 17. g5 Nh7 18. e5 Qb6 19. Qf4 Rhc8 20. exd6 e6 21. Rhe1 a5 22. Re4 Kg8 23. Nf5 Rxe4 24. Nh6+ Kh8 25. fxe4 Rf8 26. e5 Kg7 27. Qd4 Qc6 28. Ne4 Rc8 29. c3 b5 30. Rf1 Rf8 31. Nc5 a4 32. Nxd7 Qxd7 33. Qb6 1-0

[Event "Montreal Varennes op"]
[Site "Montreal"]
[Date "2011.11.06"]
[Round "5"]
[White "Cote Lalumiere, Tristan"]
[Black "Turcotte, Jonathan"]
[Result "0-1"]
[WhiteElo "1918"]
[BlackElo "1969"]
[PlyCount "110"]
[EventDate "2011.11.04"]
[EventType "swiss"]
[EventRounds "5"]
[EventCountry "CAN"]
[SourceTitle "EXT 2022"]
[Source "ChessBase"]
[SourceDate "2021.10.06"]
[SourceVersion "1"]
[SourceVersionDate "2021.10.06"]
[SourceQuality "1"]

1. e4 e5 2. f4 Bc5 3. Nf3 d6 4. d4 exd4 5. Bd3 Nf6 6. Nbd2 0-0 7. h3 Nh5 8. Nf1 f5 9. Bc4+ Kh8 10. Ng5 Qe8 11. Bf7 Rxf7 12. Qxh5 g6 13. Nxf7+ Qxf7 14. Qg5 Nc6 15. h4 fxe4 16. Ng3 d5 17. h5 Be7 18. hxg6 Bxg5 19. gxf7 Be7 20. f5 Bd7 21. Nh5 Rf8 22. f6 Bb4+ 23. Bd2 Rxf7 24. 0-0-0 Bxd2+ 25. Kxd2 e3+ 26. Kc1 Bg4 27. Rde1 Ne5 28. Nf4 c6 29. Rh6 Nd7 30. Rh4 Bf5 31. g4 Be4 32. g5 Ne5 33. Re2 Kg8 34. Ne6 Nf3 35. Rh6 Bf5 36. Nf4 Ne5 37. Rh4 b6 38. Rh6 Be4 39. b3 c5 40. Rh4 Rd7 41. Nh5 Nf7 42. Reh2 Rd8 43. Nf4 Re8 44. Kd1 Nxg5 45. Kc1 Kf7 46. Rh5 Rg8 47. Rh6 Nf3 48. Rh1 Rg1+ 49. Kb2 Rxh1 50. Rxh1 Kxf6 51. Kc1 Kg5 52. Ne2 h5 53. Ng3 h4 54. Nxe4+ dxe4 55. Kd1 d3 0-1

[Event "Montreal Varennes op"]
[Site "Montreal"]
[Date "2011.11.05"]
[Round "3"]
[White "Cote Lalumiere, Tristan"]
[Black "Carter, David"]
[Result "1/2-1/2"]
[WhiteElo "1918"]
[BlackElo "2222"]
[PlyCount "91"]
[EventDate "2011.11.04"]
[EventType "swiss"]
[EventRounds "5"]
[EventCountry "CAN"]
[SourceTitle "EXT 2022"]
[Source "ChessBase"]
[SourceDate "2021.10.06"]
[SourceVersion "1"]
[SourceVersionDate "2021.10.06"]
[SourceQuality "1"]

1. e4 e6 2. d4 d5 3. exd5 exd5 4. Bd3 c5 5. c3 Nc6 6. Nf3 Bd6 7. 0-0 Nge7 8. Nbd2 cxd4 9. Nxd4 Nxd4 10. cxd4 Qb6 11. Nb3 0-0 12. Qf3 a5 13. Bf4 a4 14. Nc5 Ng6 15. Bxg6 hxg6 16. Bxd6 Qxd6 17. Rfe1 b6 18. Nd3 a3 19. b3 Bf5 20. Re3 Rac8 21. h4 Rc2 22. h5 Bxd3 23. Rxd3 gxh5 24. Qxh5 Rfc8 25. g3 Qf6 26. Rf3 Qe6 27. Kg2 g6 28. Qh6 Qe4 29. Qe3 Qxe3 30. Rxe3 Rd2 31. Rf3 Rcc2 32. Re1 Re2 33. Rxe2 Rxe2 34. Rf6 Rxa2 35. Rxb6 Rb2 36. b4 a2 37. Ra6 Rxb4 38. Rxa2 Rxd4 39. Kf3 Kg7 40. Ra6 Re4 41. Ra5 Re5 42. Kg2 Kf6 43. f4 Rf5 44. Kf3 Ke6 45. Ra6+ Ke7 46. Ra7+ 1/2-1/2

[Event "Quebec-ch Elite"]
[Site "Montreal"]
[Date "2011.10.09"]
[Round "5"]
[White "Cote Lalumiere, Tristan"]
[Black "Drolet, Stephane"]
[Result "0-1"]
[WhiteElo "1894"]
[BlackElo "2187"]
[PlyCount "52"]
[EventDate "2011.10.07"]
[EventType "swiss"]
[EventRounds "7"]
[EventCountry "CAN"]
[SourceTitle "EXT 2022"]
[Source "ChessBase"]
[SourceDate "2021.10.06"]
[SourceVersion "1"]
[SourceVersionDate "2021.10.06"]
[SourceQuality "1"]

1. e4 c5 2. Nf3 e6 3. Nc3 Nc6 4. Be2 Nf6 5. 0-0 d5 6. exd5 Nxd5 7. Nxd5 Qxd5 8. b3 Be7 9. Bb2 Bf6 10. c3 b6 11. Bc4 Qd7 12. d4 cxd4 13. cxd4 Bb7 14. Qd2 0-0 15. Rad1 Na5 16. Bd3 Bxf3 17. gxf3 Rfd8 18. Rfe1 Qd6 19. Re4 Nc6 20. Rg4 g6 21. Bb1 Bg7 22. h4 h5 23. Rg3 Bxd4 24. Bxg6 Qxg3+ 25. Kh1 Qxh4+ 26. Kg2 fxg6 0-1

[Event "Quebec-ch Elite"]
[Site "Montreal"]
[Date "2011.10.08"]
[Round "2"]
[White "Cote Lalumiere, Tristan"]
[Black "Lopez Linares, Lizandro Fernando"]
[Result "0-1"]
[WhiteElo "1894"]
[BlackElo "2041"]
[PlyCount "70"]
[EventDate "2011.10.07"]
[EventType "swiss"]
[EventRounds "7"]
[EventCountry "CAN"]
[SourceTitle "EXT 2022"]
[Source "ChessBase"]
[SourceDate "2021.10.06"]
[SourceVersion "1"]
[SourceVersionDate "2021.10.06"]
[SourceQuality "1"]

1. e4 c6 2. d4 d5 3. exd5 cxd5 4. c3 Qc7 5. Nf3 Nc6 6. Bd3 Bg4 7. 0-0 Nf6 8. Re1 e6 9. Be3 Be7 10. Nbd2 0-0 11. Qc2 Rac8 12. a3 Bh5 13. h3 a6 14. Ng5 Bg6 15. f4 Bd6 16. Rf1 Bxd3 17. Qxd3 h6 18. Ngf3 Bxf4 19. Bxf4 Qxf4 20. Rae1 Qc7 21. Ne5 Nxe5 22. Rxe5 Nd7 23. Rh5 f5 24. Re1 Nf6 25. Rh4 Ne4 26. Nxe4 fxe4 27. Qe3 Rf5 28. Rg4 Kh7 29. h4 Rcf8 30. Qh3 Qf7 31. Rg3 Rf2 32. Qg4 Rxb2 33. Kh2 Rf2 34. Ree3 Qf6 35. Rh3 Qf4+ 0-1

[Event "Montreal op U2000"]
[Site "Montreal"]
[Date "2011.09.10"]
[Round "3"]
[White "Shi, Ling Yun"]
[Black "Cote Lalumiere, Tristan"]
[Result "1/2-1/2"]
[WhiteElo "1569"]
[BlackElo "1911"]
[PlyCount "135"]
[EventDate "2011.09.09"]
[EventType "swiss"]
[EventRounds "5"]
[EventCountry "CAN"]
[SourceTitle "EXT 2022"]
[Source "ChessBase"]
[SourceDate "2021.10.06"]
[SourceVersion "1"]
[SourceVersionDate "2021.10.06"]
[SourceQuality "1"]

1. e4 c5 2. Nf3 d6 3. d4 cxd4 4. Nxd4 Nf6 5. Nc3 g6 6. Be3 Bg7 7. f3 Nc6 8. Qd2 0-0 9. 0-0-0 Bd7 10. Bc4 Rc8 11. Bb3 Ne5 12. g4 b5 13. g5 Nh5 14. f4 Nc4 15. Bxc4 Rxc4 16. b3 Rc8 17. Ncxb5 a6 18. Na3 a5 19. Nc4 a4 20. Kb1 axb3 21. cxb3 Rb8 22. Rc1 Bb5 23. Nb2 Bd7 24. Rhf1 Ra8 25. Ne2 Qb8 26. Bd4 Qb7 27. Nc3 Ra6 28. Bxg7 Nxg7 29. Nd5 Bc6 30. Rfe1 Rfa8 31. Nc3 Bd7 32. Rc2 Qxb3 33. Qd5 Qb4 34. Kc1 Be6 35. Qb5 Qd4 36. Qd3 Qxd3 37. Nxd3 Bxa2 38. Nb4 Bb3 39. Nxa6 Bxc2 40. Kxc2 Rxa6 41. Kb3 Ne6 42. Nd5 Ra7 43. Kb4 Nc5 44. Kb5 Kf8 45. Re3 e6 46. Nf6 Nd7 47. Nxd7+ Rxd7 48. Kc6 Rd8 49. Rh3 d5 50. exd5 Rxd5 51. Rxh7 Rd4 52. Rh4 e5 53. Kc5 Ra4 54. Kd5 exf4 55. Ke5 Ke7 56. Rg4 Ra2 57. Kxf4 Rxh2 58. Kg3 Re2 59. Ra4 Ke6 60. Ra6+ Ke7 61. Ra7+ Ke6 62. Ra6+ Kf5 63. Rf6+ Kxg5 64. Rxf7 Re3+ 65. Kg2 Kg4 66. Rf2 Rg3+ 67. Kh2 g5 68. Ra2 1/2-1/2

[Event "Quebec op"]
[Site "Montreal"]
[Date "2011.07.30"]
[Round "9"]
[White "Beaulieu, Pierre"]
[Black "Cote Lalumiere, Tristan"]
[Result "0-1"]
[WhiteElo "1855"]
[BlackElo "1928"]
[PlyCount "78"]
[EventDate "2011.07.23"]
[EventType "swiss"]
[EventRounds "9"]
[EventCountry "CAN"]
[SourceTitle "EXT 2022"]
[Source "ChessBase"]
[SourceDate "2021.10.06"]
[SourceVersion "1"]
[SourceVersionDate "2021.10.06"]
[SourceQuality "1"]

1. e4 c5 2. Nf3 d6 3. Bc4 Nc6 4. d4 cxd4 5. Nxd4 Nf6 6. Nc3 g6 7. Nxc6 bxc6 8. e5 Ng4 9. e6 f5 10. Bf4 Qb6 11. 0-0 Bg7 12. Bxd6 exd6 13. Qxd6 Be5 14. Qd3 Ke7 15. Na4 Qc7 16. h3 Nf6 17. Rae1 Rd8 18. Qa3+ Bd6 19. Qc3 a5 20. a3 Ba6 21. g4 fxg4 22. hxg4 g5 23. Bxa6 Rxa6 24. Nc5 Bxc5 25. Qxc5+ Qd6 26. Qc4 Raa8 27. Rd1 Qf4 28. Qc5+ Rd6 29. f3 Nd5 30. Rd3 Qg3+ 31. Kh1 Qh3+ 32. Kg1 Qg3+ 33. Kh1 Rad8 34. Qa7+ Kxe6 35. Qxh7 Rf8 36. Qg6+ Nf6 37. Rxd6+ Qxd6 38. Re1+ Kd7 39. Qg7+ Kd8 0-1

[Event "Quebec op"]
[Site "Montreal"]
[Date "2011.07.29"]
[Round "8"]
[White "Seguin, Rene"]
[Black "Cote Lalumiere, Tristan"]
[Result "0-1"]
[WhiteElo "1976"]
[BlackElo "1928"]
[PlyCount "60"]
[EventDate "2011.07.23"]
[EventType "swiss"]
[EventRounds "9"]
[EventCountry "CAN"]
[SourceTitle "EXT 2022"]
[Source "ChessBase"]
[SourceDate "2021.10.06"]
[SourceVersion "1"]
[SourceVersionDate "2021.10.06"]
[SourceQuality "1"]

1. e4 c5 2. Nf3 d6 3. d4 cxd4 4. Nxd4 Nf6 5. Nc3 g6 6. g3 Bg7 7. Bg2 0-0 8. 0-0 a6 9. h3 Qc7 10. a4 Nc6 11. Nde2 Bd7 12. Be3 Rac8 13. Qd2 Na5 14. b3 b6 15. Rac1 Nb7 16. g4 Bc6 17. Nd5 Nxd5 18. exd5 Bd7 19. Bd4 Nc5 20. Bxg7 Kxg7 21. Nd4 e5 22. dxe6 fxe6 23. Rfd1 Rf7 24. Ne2 Bc6 25. Qxd6 Qxd6 26. Rxd6 Bxg2 27. Kxg2 Ne4 28. Rxb6 Rxf2+ 29. Kg1 Rxe2 30. Rxe6 Rc3 0-1

[Event "Quebec op"]
[Site "Montreal"]
[Date "2011.07.27"]
[Round "6"]
[White "Lemieux, Serge"]
[Black "Cote Lalumiere, Tristan"]
[Result "0-1"]
[WhiteElo "1557"]
[BlackElo "1928"]
[PlyCount "54"]
[EventDate "2011.07.23"]
[EventType "swiss"]
[EventRounds "9"]
[EventCountry "CAN"]
[SourceTitle "EXT 2022"]
[Source "ChessBase"]
[SourceDate "2021.10.06"]
[SourceVersion "1"]
[SourceVersionDate "2021.10.06"]
[SourceQuality "1"]

1. d4 Nf6 2. c4 c5 3. d5 b5 4. cxb5 a6 5. b6 Qxb6 6. Nc3 d6 7. e4 g6 8. Nf3 Bg7 9. Nd2 0-0 10. Be2 Bd7 11. a4 Rc8 12. 0-0 a5 13. Nc4 Qc7 14. f4 Na6 15. e5 Ne8 16. e6 fxe6 17. Bg4 Nf6 18. Bxe6+ Bxe6 19. dxe6 Nb4 20. f5 gxf5 21. Rxf5 d5 22. Na3 Qb6 23. Bf4 c4+ 24. Kf1 Nd3 25. Bg3 Rf8 26. Bf2 Nxf2 27. Rxf2 Ng4 0-1

[Event "Quebec op"]
[Site "Montreal"]
[Date "2011.07.25"]
[Round "4"]
[White "Cote Lalumiere, Tristan"]
[Black "Gauthier, Denis"]
[Result "1-0"]
[WhiteElo "1928"]
[BlackElo "1996"]
[PlyCount "57"]
[EventDate "2011.07.23"]
[EventType "swiss"]
[EventRounds "9"]
[EventCountry "CAN"]
[SourceTitle "EXT 2022"]
[Source "ChessBase"]
[SourceDate "2021.10.06"]
[SourceVersion "1"]
[SourceVersionDate "2021.10.06"]
[SourceQuality "1"]

1. e4 c5 2. Nf3 Nc6 3. Nc3 e6 4. Be2 a6 5. 0-0 Qc7 6. d4 cxd4 7. Nxd4 Nf6 8. Be3 Bb4 9. f3 0-0 10. Kh1 Be7 11. f4 d6 12. Bf3 Bd7 13. g4 Nxd4 14. Bxd4 Bc6 15. h4 b5 16. g5 Nd7 17. a3 e5 18. fxe5 Nxe5 19. Bg2 f6 20. Bxe5 dxe5 21. g6 hxg6 22. h5 g5 23. Nd5 Bxd5 24. exd5 f5 25. d6 Qxd6 26. Qxd6 Bxd6 27. Bxa8 Rxa8 28. Rxf5 e4 29. Rxg5 1-0